000 00709nam a2200241 a 4500
001 000028474
003 DO-SdBNP
005 20250307073710.0
007 ta
008 110408s1994 dr 000 0 spa d
040 _aDO-SdBNP
_bspa
_cBNPHU
082 4 _bF289c
_222
100 1 _aFebres, Laura
_923517
245 1 0 _aAmérica y Pedro Henríquez Ureña /
_cLaura Febres.
260 _aSanto Domingo :
_bImprenta ONAP,
_c1994.
300 _aiv, 21 p. ;
_c21 cm.
500 _aFeria Nacional del Libro Pedro Henríquez Ureña, 1992.
504 _aBibliografía : p. 19-21
590 _aInventariado, 2020 /LP
600 1 0 _aHenríquez Ureña, Pedro,
_d1884-1946
_91718
910 _aLopérez
942 _2ddc
_cLF2
999 _c27966
_d27966